000 00658nam a2200181Ia 4500
008 100920s9999 xx 000 0 und d
082 _b27229
_a891.43 थ 68
100 _aवर्मा सावित्री देवी.
245 _aभारत के वीर सपूत.
260 _bराजपाल एण्ड सन्स ,कश्मीरी गेट, दिल्ली.
_c1968
300 _a166
_bसाधी
365 _b4
520 _aहिंदी.
630 _aभारत के वीर सपूत.
650 _aहिंदी.
730 _aभारत के वीर सपूत.
942 _cBOOK
999 _c684142
_d684139